Söylev (nutuk) / (Record no. 15507)

MARC details
000 -BAŞLIK
Sabit Uzunlukta Kontrol Alanı 00884nam a22002657a 4500
999 ## - SİSTEM KONTROL NUMARALARI (KOHA)
Koha Biblionumber 15507
Koha Biblioitemnumber 15507
003 - KONTROL NUMARASI IDENTIFIER
Denetim Alanı MIRAKIL
005 - SON İŞLEM TARİHİ VE ZAMANI
Denetim Alanı 20240229140536.0
008 - SABİT-BOY VERİ ELEMANLARI - GENEL BİLGİLER
Sabit Uzunlukta Kontrol Alanı 240229b tu ||||| |||| 00| 0 tur d
020 ## - ULUSLARARASI STANDART KİTAP NUMARASI
Uluslararası Standart Kitap Numarası 9786059658607
040 ## - KATALOGLAMA KAYNAK
Orijinal Kataloglama Ajansı TR-AnCHP
Metne Dönüştürmek Ajansı TR-AnCHP
041 ## - DİL KODU
Metin / Ses Parça Veya Ayrı Başlığın Dil Kodu tur
082 ## - DEWEY ONLU SINIFLANDIRMA NUMARASI
Sınıflandırma Numarası ATA 815.42
Ürün Numarası A72s 2016
090 ## - SINIFLAMA NUMARASI
Sınıflama Numarası ATA 815.42 A72s 2016
100 1# - ANA GİRİŞ - KİŞİSEL İSİM
Kişisel Ad Atatürk, Gazi Mustafa Kemal
Bir Adıyla İlişkilendirilen Tarihler 1881-1938
245 10 - BAŞLIK TABLOSU
Başlık Söylev (nutuk) /
Sorumluluk Tablosu, Vb Mustafa kemal Atatürk
250 ## - EDITION TABLOSU
Baskı Beyanı 19. bs.
260 ## - YAYIN, DAĞITIM, VB
Yayın, Dağıtım, Vb Yeri İstanbul :
Yayıncı, Dağıtıcı, Vs Adı Kırmızı Kedi Yayınevi,
Yayın, Dağıtım, Vb Tarihi 2016.
300 ## - FİZİKSEL TANIM
Kapsam 243 s. ;
Boyutlar 20 cm.
490 0# - SERİSİ TABLOSU
Seri Beyanı Kırmızı Kedi Yayınevi ;
Hacim / Ardışık Tanımı 619.
490 0# - SERİSİ TABLOSU
Seri Beyanı Gençlik ;
Hacim / Ardışık Tanımı 155.
600 14 - KONU KATMA GİRİŞ - KURUMSAL ADI
9 (RLIN) 1465
Kişisel Ad Atatürk, Gazi Mustafa Kemal
Bir Adıyla İlişkilendirilen Tarihler 1881-1938
Genel Alt Bölümü Söylev
650 #0 - KONU KATMA GİRİŞ - TOPİKAL DÖNEM
9 (RLIN) 796
Topikal Süreli Veya Coğrafi Ad Giriş Elemanı Siyasal Tarih
Kronolojik Alt Bölümü 1919-1927
Coğrafi Alt Bölümü Türkiye
856 ## - ELEKTRONİK YER VE ERİŞİM
Kamu Notu Dijital Nüshası için Partimizin Kütüphane Sorumlusu ile iletişime geçiniz.
942 ## - EKLENDİ GİRİŞ ELEMANLARI (KOHA)
Sınıflandırma Veya Raf Düzeni Kaynak Dewey Decimal Classification
Koha Öğesi Türü Books
Holdings
Kalıcı Konum Mevcut Konum Edinme Tarihi Toplam Check-Out'Lar Tam Çağrı Numarası Barkod Tarih Son Görülme İtibaren Geçerli Fiyatlar Koha Öğesi Türü
CHP Kütüphanesi CHP Kütüphanesi 02/29/2024   ATA 815.42 A72s 2016 21374 02/29/2024 02/29/2024 Books
Parti Okulu Kütüphanesi Parti Okulu Kütüphanesi 02/29/2024   ATA 815.42 A72s 2016 21375 02/29/2024 02/29/2024 Books